Normal view
MARC view
- سعد،فاروق /تقديم وتحقيق
Entry Personal Name
001 - CONTROL NUMBER
- control field: 14101
003 - CONTROL NUMBER IDENTIFIER
- control field: JO-AjAnu
005 - DATE AND TIME OF LATEST TRANSACTION
- control field: 20230606072543.0
008 - FIXED-LENGTH DATA ELEMENTS
- fixed length control field: 230606|| aca||aabn | a|a d
040 ## - CATALOGING SOURCE
- Original cataloging agency: JO-AjAnu
- Transcribing agency: JO-AjAnu
100 ## - HEADING--PERSONAL NAME
- Personal name: سعد،فاروق /تقديم وتحقيق
670 ## - SOURCE DATA FOUND
- Source citation: Work cat.: (JO-AjAnu)7249: سعد،فاروق /تقديم وتحقيق, author, ابن طفيل: حي بن يقضان